Television and neopopulism in Latin America: media effects in Brazil and Peru /
Kaydedildi:
| Yazar: | |
|---|---|
| Materyal Türü: | Metin |
| Konular: | |
| Etiketler: |
Etiketle
Etiket eklenmemiş, İlk siz ekleyin!
|
MARC
| LEADER | 00000 a a2200000 04500 | ||
|---|---|---|---|
| 001 | 9272 | ||
| 003 | |||
| 040 | |||
| 100 | |a Boas, Taylor C. | ||
| 245 | |a Television and neopopulism in Latin America: |b media effects in Brazil and Peru / |c Taylor C Boas | ||
| 650 | |a LIDERAZGO POLITICO | ||
| 650 | |a POPULISMO | ||
| 650 | |a TELEVISION | ||
| 650 | |a ANALISIS ESTADISTICO | ||
| 650 | |a ELECCIONES | ||
| 650 | |a BRASIL | ||
| 650 | |a PERU | ||
| 773 | |g volumen 40, número 2; páginas 27-49 | ||
| 999 | |c 23124 |d 23124 | ||
